Lenguaje y comunicación 2, Segundo Año de Enseñanza Básica: cuaderno de escritura

Збережено в:
Бібліографічні деталі
Автори: Lizana Valenzuela, Marcela (autora), Sarabia González, Marcela (Автор), Valenzuela Lecaros, Claudia Andrea (Автор)
Формат: Книга
Мова:Іспанська
Опубліковано: Santiago Arrayán 2008
Предмети:
Теги: Додати тег
Немає тегів, Будьте першим, хто поставить тег для цього запису!

MARC

LEADER 00000nam a2200000 a 4500
001 UCI5753
003 CL-VaPUC
008 080404e20080000CL |||||||||||||||||spa|d
020 |a 956240580X 
082 0 4 |a 372.6  |b LIZ  |2 21 
100 |a Lizana Valenzuela, Marcela  |e autora  |9 528382 
700 0 |a Sarabia González, Marcela  |e author  |9 528344 
700 0 |a Valenzuela Lecaros, Claudia Andrea  |e author  |9 528345 
245 1 0 |a Lenguaje y comunicación 2, Segundo Año de Enseñanza Básica: cuaderno de escritura 
300 |a 112 p 
942 |c BK 
945 |d 20080404 00:00:00  |a jtorresc 
260 |a Santiago  |b Arrayán  |c 2008 
650 0 |a Educación lingüística  |9 306506 
650 0 |a Educación básica   |9 224933 
650 0 |a Enseñanza de la escritura  |9 307377 
650 0 |a Métodos de enseñanza  |9 270413 
650 0 |a Enseñanza de la lectura  |9 308364 
650 0 |a Libros de texto  |9 270019 
583 |a last modification  |c 20130527 14:36:16  |k Rodrigo Vera 
999 |c 329446  |d 329444 
952 |0 0  |1 0  |4 0  |6 372_600000000000000_LIZ_2008  |7 0  |8 A  |9 414136  |a BIBEDU  |b BIBEDU  |d 2019-11-22  |i 4421191  |o 372.6 LIZ 2008  |p 4421191  |r 2019-11-22  |w 2019-11-22  |y BK  |k EDU 
952 |0 0  |1 0  |4 0  |6 372_600000000000000_LIZ_2008  |7 0  |8 A  |9 414137  |a BIBEDU  |b BIBEDU  |d 2019-11-22  |i 4434463  |o 372.6 LIZ 2008  |p 4434463  |r 2019-11-22  |w 2019-11-22  |y BK  |k EBA